Bandeiras Laranjas - Statistics

Estatísticas Gerais
  • Esse quiz foi jogado 101 vezes
    94 desde o último reset
  • A pontuação média é 9 de 10
Estatísticas das Respostas
Imagem Resposta % Correto
Índia
99%
Irlanda
97%
Butão
96%
Chipre
94%
Costa do Marfim
91%
Sri Lanka
90%
Niger
83%
Arménia
82%
Ilhas Marshall
73%
Zâmbia
72%
Nenhum quiz correspondente encontrado
Distribuição das Pontuações
Porcentagem de Pessoas com Cada Pontuação
Percentil de Números Respondidos
Sua Pontuação Histórica
Você não jogou esse quiz desde o último reset